| 000 | 00561nam a2200217Ia 4500 | ||
|---|---|---|---|
| 005 | 20250425162626.0 | ||
| 008 | 250425s9999 xx 000 0 und d | ||
| 020 | _a9700504026 | ||
| 041 | _aspa | ||
| 082 | _a203.51 | ||
| 100 | _aCOUSINEAU, PHIL | ||
| 245 | 0 | _aEL ARTE DE LA PEREGRINACION: GUIA DE VIAJE PARA LOS LUGARES SAGRADOS | |
| 250 | _a1A ED. | ||
| 260 | _aMEXICO | ||
| 260 |
_aMéxico _bGRIJALBO _c1999 |
||
| 300 | _a248 | ||
| 650 | _aPEREGRINOS Y PEREGRINACIONES | ||
| 650 | _aVIAJES-ASPECTOS RELIGIOSOS | ||
| 942 | _c01 | ||
| 010 | _a90902 | ||
| 999 |
_c233110 _d233110 |
||